000 01120nam a22002657a 4500
001 BD-DhSAU 7469
003 BD-DhSAU
005 20231004100231.0
008 150422b2006 bg ||||| m||m 00| 0 eng d
040 _aBD-DhSAU
082 _222
_a658.15
_bR46
100 _aRIMA, SHIRMIN AKTER
_eRegistration No. # 15-06496
245 _aComparative profitability of salt tolerant rice variety adopters and non-adopters in the coastal areas of bangladesh /
_bMS thesis
260 _aSher-e- Bangla Agricultural University:
_bDepartment of Management and Finance,
_c2022.
300 _axi, 47p.:
_b30 cm.
500 _aMS thesis of Department of Management and Finance, Faculty of Agri Business, Sher-e-Bangla Agricultural University, Dhaka, Bangladesh
590 _aNamul
650 _asalt tolerant rice
651 _anon-adopters
654 _acoastal areas of bangladesh
700 _aProf. Dr. Md. Sadique Rahman
_eSuperviser
700 _aProf. Mosammod Mahamuda Parvin
_eCo-Superviser
856 _uhttp://archive.saulibrary.edu.bd:8080/xmlui/handle/123456789/5034
942 _2ddc
_cTHESIS
999 _c17078
_d17077